Aplikačné aspekty teórie optimálnej menovej oblasti na Európsku menovú úniu

Teória optimálnej menovej oblasti /OCA/. Riešenie vzniknutej ekonomickej nerovnováhy krajín. Zrýchlenie približovania sa eurozóny k optimálnej menovej oblasti v dôsledku prehĺbenia integrácie EÚ.

Salvato in:
Dettagli Bibliografici
Autore principale: Gertler, Pavel
Natura: Capitolo di libro
Lingua:slovacco
Soggetti:
Tags: Aggiungi Tag
Nessun Tag, puoi essere il primo ad aggiungerne!!

MARC

LEADER 00000naa a2200000 4500
001 r049685
005 20230825103228.2
041 0 |a slo 
044 |a SK 
245 1 0 |a Aplikačné aspekty teórie optimálnej menovej oblasti na Európsku menovú úniu  |c Pavel Gertler 
520 |a Teória optimálnej menovej oblasti /OCA/. Riešenie vzniknutej ekonomickej nerovnováhy krajín. Zrýchlenie približovania sa eurozóny k optimálnej menovej oblasti v dôsledku prehĺbenia integrácie EÚ. 
610 2 0 |a politika menová 
610 2 0 |a teória zón menových optimálnych 
610 2 0 |a eurozóna 
610 2 0 |a euromena 
610 2 0 |a Európska únia 
100 1 |a Gertler, Pavel